Normal view
MARC view
- Supervisor. Sameer Qazi
Entry Personal Name
001 - CONTROL NUMBER
- control field: 127279
003 - CONTROL NUMBER IDENTIFIER
- control field: NUST
005 - DATE AND TIME OF LATEST TRANSACTION
- control field: 20241231125503.0
008 - FIXED-LENGTH DATA ELEMENTS
- fixed length control field: 241231|| aca||aabn | a|a d
040 ## - CATALOGING SOURCE
- Original cataloging agency: NUST
- Transcribing agency: NUST
100 ## - HEADING--PERSONAL NAME
- Personal name: Supervisor. Sameer Qazi
670 ## - SOURCE DATA FOUND
- Source citation: Work cat.: (NUST)535480: Muhammad Farrukh Anwaar 127278, ANALYSIS OF MPLS TRAFFIC ENGINEERING OVER IPv6 /
